Culture Générale - Série 2531 - Statistiques

Statistiques générales
  • Ce quiz a été pris 93 fois
  • Le résultat moyen est 4 sur 10
Statistiques - réponses
Question Réponse % Correct
Spécialité culinaire rurale traditionnelle française originaire de l'Aubrac - à base de purée de pommes de terre, de tome fraîche ,de crème, de beurre et d’ail. - voir photo aligot
66%
Quel animal est appelé "alose" ? poisson
59%
Amateur passionné (d'abord de corridas) aficionado
47%
Prénom de la princesse Organa d'Alderaan dans la série de fiction "Star wars" Leia
47%
Ville d'Italie - rapace (oiseau) Milan
45%
Aventure amoureuse naïve et tendre- synonyme d'amourette - mot contenant un " y " idylle
31%
Caricature - 7 lettres commençant par " p " parodie
26%
Bloc de glace entouré de crevasses, dans un glacier. sérac
23%
Argile rouge ou jaune avec laquelle les Anciens faisaient des poteries sil
18%
Sorte de blé complet, déjà précuit et concassé. Comme le riz ou les pâtes, il apporte des sucres lents. Il est très employé dans les cuisines d'Europe centrale. pilpil
0%
Aucun quiz correspondant
Distribution des résultats
% des personnes avec chaque résultat
Percentile par nombre de réponses
Votre historique - résultats
Vous n’avez pas pris ce quiz